| 000 | 00484nam a22001817a 4500 | ||
|---|---|---|---|
| 003 | NUST - PNEC | ||
| 005 | 20170116181134.0 | ||
| 008 | 151006b xxu||||| |||| 00| 0 eng d | ||
| 020 | _a0132135965 | ||
| 040 | _cLIBRARY | ||
| 082 | _a629.895 PHI | ||
| 100 |
_914140 _aPhillips, Charles L |
||
| 245 |
_aDigital control system analysis and design _cCharles L Phillips, |
||
| 250 | _a2nd th | ||
| 260 | _cc1990. | ||
| 650 |
_914141 _aDigital control systems _xME |
||
| 942 |
_2ddc _cBK |
||
| 999 |
_c70120 _d70120 |
||